000 00825nam a2200253Ia 4500
003 OSt
005 20220923225208.0
006 a|||||r|||| 00| 0
007 ta
008 220922b |||||||| |||| 00| 0 hin d
024 _a259,746
037 _cTextual
040 _aARTS
_cARTS
_bhin
041 _2hin
_ahin
082 _aQ14x, 152M4
100 _aजगदीश्वरा नन्द, संपा.
245 0 _aअथर्ववेद सूक्तिसुधा
246 _aAtharvaved sūktisudhā
260 _aनई दिल्ली
_b गोविन्दराम प्रकाशन
_c1984
300 _a160पृ.
_ccm.
650 _aव्ैछ
942 _hQ14x, 152M4
_cTEXL
_2CC
999 _c376658
_d376658